Преобразователи напряжения на нелинейных ключевых элементах; Энергетика: экология, надежность, безопасность; Т. 1

Podrobná bibliografie
Parent link:Энергетика: экология, надежность, безопасность: материалы докладов девятой всероссийской научно-технической конференции, Томск, 3-5 декабря 2003 г./ Томский политехнический университет.— , 2003
Т. 1.— 2003.— С. 77-78
Hlavní autor: Шустов М. А. Михаил Анатольевич
Další autoři: Шустов А. М.
Jazyk:ruština
Vydáno: 2003
Témata:
Médium: MixedMaterials Kapitola
KOHA link:https://koha.lib.tpu.ru/cgi-bin/koha/opac-detail.pl?biblionumber=100584

MARC

LEADER 00000naa2a2200000 4500
001 100584
005 20231031112140.0
035 |a (RuTPU)RU\TPU\book\108229 
090 |a 100584 
100 |a 20060824d2003 k y0rusy50 ca 
101 0 |a rus 
102 |a RU 
200 1 |a Преобразователи напряжения на нелинейных ключевых элементах  |f М. А. Шустов, А. М. Шустов 
320 |a Библиогр.: 3 назв. 
461 1 |0 (RuTPU)RU\TPU\book\63040  |t Энергетика: экология, надежность, безопасность  |o материалы докладов девятой всероссийской научно-технической конференции, Томск, 3-5 декабря 2003 г.  |o в 2 т.  |f Томский политехнический университет  |d 2003 
463 1 |0 (RuTPU)RU\TPU\book\62597  |t Т. 1  |v С. 77-78  |d 2003  |p 256 с. 
610 1 |a нелинейные элементы 
610 1 |a ключевые элементы 
610 1 |a преобразователи напряжения 
610 1 |a напряжение 
610 1 |a труды учёных ТПУ 
700 1 |a Шустов  |b М. А.  |c специалист в области электротехники  |c профессор Томского политехнического университета, доктор технических наук  |f 1952-  |g Михаил Анатольевич  |2 stltpush  |3 (RuTPU)RU\TPU\pers\30571 
701 1 |a Шустов  |b А. М. 
801 1 |a RU  |b 63413507  |c 20060824  |g PSBO 
801 2 |a RU  |b 63413507  |c 20130830  |g RCR 
942 |c BK